[Event "Olympiad Women 2024"]
[Site "Budapest HUN"]
[Date "2024.09.18"]
[Round "7.65"]
[White "Efentakis, Katina"]
[Black "Sosna, Mehari Abraham"]
[Result "0-1"]
[WhiteElo "1650"]
[BlackElo "1541"]
[TimeControl "5400/40+30:1800+30\""]
[EventDate "2024.09.11"]
[Board "1"]
[WhiteFideId "14800659"]
[BlackFideId "22300090"]
[WhiteTeam "Mozambique"]
[BlackTeam "Eritrea"]

1. e4 c5 2. Nf3 d6 3. d4 cxd4 4. Nxd4 g6 5. Be3 Bg7 6. Nc3 Nf6 7. f3 O-O 8.
Qd2 Nc6 9. O-O-O Bd7 10. Bh6 Nxd4 11. Bxg7 Kxg7 12. Qxd4 a6 13. g4 Kg8 14.
h4 Rc8 15. Bd3 Qc7 16. Qe3 Bb5 17. Nxb5 axb5 18. h5 Rfd8 19. hxg6 fxg6 20.
Rdg1 e5 21. Kb1 b4 22. Rg2 d5 23. Rgh2 dxe4 24. Bxe4 Nxe4 25. Qxe4 Rd4 26.
Qe3 Rcd8 27. Qb3+ Kf8 28. Rc1 e4 29. Re2 Qf4 30. Re3 Qd6 31. fxe4 Kg7 32.
Rd3 Rxd3 33. cxd3 Qxd3+ 34. Qxd3 Rxd3 35. Rc7+ Kh6 36. Rxb7 Rd4 37. e5 Rxg4
38. e6 Re4 39. e7 g5 40. Rxb4 Rxe7 41. a4 Ra7 42. b3 Kh5 43. Rb5 Kh4 44.
Kc1 g4 45. Kd1 g3 46. Re5 g2 47. Re1 Rg7 48. a5 g1=Q 49. Rxg1 Rxg1+ 50. Kc2
Rg8 51. b4 h5 52. a6 Kg3 53. Kc3 h4 54. b5 h3 55. Kb4 h2 56. a7 h1=Q 57. b6
Qb7 58. Kc5 Rg5+ 59. Kc4 Qd5+ 60. Kc3 Rg4 61. Kc2 Rc4+ 62. Kb3 Qb5+ 63. Ka2
Ra4# 0-1

[Event "Olympiad Women 2024"]
[Site "Budapest HUN"]
[Date "2024.09.18"]
[Round "7.65"]
[White "Besrat, Mesgena Yoseph"]
[Black "Castro, Neusa Aridas De"]
[Result "1-0"]
[WhiteElo "1557"]
[BlackElo "1684"]
[TimeControl "5400/40+30:1800+30\""]
[EventDate "2024.09.11"]
[Board "2"]
[WhiteFideId "22301070"]
[BlackFideId "14800250"]
[WhiteTeam "Eritrea"]
[BlackTeam "Mozambique"]

1. e4 e6 2. Nf3 d5 3. exd5 exd5 4. d4 Nf6 5. Nc3 Be7 6. Be2 O-O 7. O-O c6
8. h3 Nbd7 9. Bd3 Re8 10. a3 Nf8 11. Bf4 Be6 12. Re1 Rc8 13. Ne2 Ng6 14.
Bxg6 hxg6 15. Ng3 Nh7 16. c3 g5 17. Bc1 g4 18. hxg4 Bxg4 19. Qd3 Qc7 20.
Ne5 Bd6 21. f4 f6 22. Qg6 Be6 23. Ng4 Bxf4 24. Bxf4 Qxf4 25. Nh5 Qc7 26.
Ngxf6+ Nxf6 27. Nxf6+ Kf8 28. Nxe8 Rxe8 29. Rxe6 Rd8 30. Rae1 Qf7 31. Rf1
1-0

[Event "Olympiad Women 2024"]
[Site "Budapest HUN"]
[Date "2024.09.18"]
[Round "7.65"]
[White "Sandramo, Chineva Rufino"]
[Black "Elshalom, Essayas Berhane"]
[Result "0-1"]
[WhiteElo "1524"]
[BlackElo "1659"]
[TimeControl "5400/40+30:1800+30\""]
[EventDate "2024.09.11"]
[Board "3"]
[WhiteFideId "14802171"]
[BlackFideId "22300988"]
[WhiteTeam "Mozambique"]
[BlackTeam "Eritrea"]

1. e4 c5 2. Nf3 d6 3. d4 cxd4 4. Nxd4 Nc6 5. Nc3 g6 6. Bc4 Bg7 7. Be3 Nf6
8. f3 Bd7 9. Qd2 O-O 10. O-O-O Rc8 11. Bb3 a6 12. g4 b5 13. h4 Nxd4 14.
Bxd4 a5 15. h5 a4 16. Bd5 e6 17. Bb7 Rb8 18. e5 dxe5 19. Bxe5 Rxb7 20. hxg6
fxg6 21. g5 Nh5 22. Bxg7 Kxg7 23. Qd4+ Kg8 24. Ne4 Rc7 25. Rh2 Qe7 26. Rdh1
Bc6 27. Rxh5 Bxe4 28. R5h2 Qxg5+ 29. Kb1 Rxf3 30. Qxe4 Qf6 31. a3 Rf1+ 32.
Ka2 Rxh1 33. Rxh1 Qf5 34. Qa8+ Kg7 35. Rd1 Qxc2 36. Qd8 Qc4+ 37. Ka1 e5 38.
Qe8 Qe2 39. Qd8 Rf7 40. Rc1 h5 41. Ka2 Qe3 42. Rc3 Qd4 43. Qb8 Qd5+ 44. Kb1
Rf1+ 45. Rc1 Qe4+ 0-1

[Event "Olympiad Women 2024"]
[Site "Budapest HUN"]
[Date "2024.09.18"]
[Round "7.66"]
[White "Sukhu, Gloria"]
[Black "Andhin, Chethanah"]
[Result "1/2-1/2"]
[WhiteElo "1634"]
[BlackElo "1607"]
[TimeControl "5400/40+30:1800+30\""]
[EventDate "2024.09.11"]
[Board "1"]
[WhiteFideId "11400099"]
[BlackFideId "9700463"]
[WhiteTeam "Fiji"]
[BlackTeam "Mauritius"]

1. e4 e6 2. Nf3 d5 3. e5 c5 4. c3 Ne7 5. d4 Nf5 6. Bd3 Nc6 7. Bc2 Qb6 8.
Nbd2 cxd4 9. Nb3 dxc3 10. bxc3 Be7 11. O-O O-O 12. Rb1 Qc7 13. Bb2 Nxe5 14.
Bxf5 Nxf3+ 15. Qxf3 exf5 16. Nd4 Be6 17. Nxf5 Bxf5 18. Qxf5 Rad8 19. Rfc1
Bf6 20. Qg4 Rd6 21. Ba3 Rc6 22. Bxf8 Kxf8 23. Qb4+ Ke8 24. Qxb7 Qxb7 25.
Rxb7 a6 26. Re1+ Re6 27. Rd1 Bxc3 28. g3 d4 29. Rd3 Re2 30. Rf3 Rxa2 31.
Rfxf7 d3 32. Rfc7 Ra1+ 33. Kg2 Kd8 34. Rxc3 d2 35. Rd3+ Kc8 36. Rxg7 d1=Q
37. Rxd1 Rxd1 38. Rxh7 Rd7 39. Rh4 Kb7 40. f4 a5 41. f5 Rd5 42. Rf4 Rd8 43.
f6 Rf8 44. g4 a4 45. g5 a3 46. h4 Ra8 47. Rf1 a2 48. Ra1 Kc7 49. Kg3 Kd7
50. h5 Ke6 51. Re1+ Kf5 52. f7 Kxg5 53. Ra1 Kxh5 54. Rxa2 Rf8 55. Rf2 Kg6
1/2-1/2

[Event "Olympiad Women 2024"]
[Site "Budapest HUN"]
[Date "2024.09.18"]
[Round "7.66"]
[White "Acham, Meritza"]
[Black "Terubea, Cydel"]
[Result "1/2-1/2"]
[WhiteElo "1667"]
[BlackElo "1681"]
[TimeControl "5400/40+30:1800+30\""]
[EventDate "2024.09.11"]
[Board "2"]
[WhiteFideId "9700374"]
[BlackFideId "11400455"]
[WhiteTeam "Mauritius"]
[BlackTeam "Fiji"]

1. d4 d5 2. c4 e6 3. Nc3 Nf6 4. Bg5 c6 5. e3 Be7 6. Nf3 Nbd7 7. Bd3 h6 8.
Bh4 a6 9. O-O Nb6 10. c5 Nbd7 11. b4 O-O 12. a4 Re8 13. b5 Nh5 14. Bxe7
Qxe7 15. bxc6 bxc6 16. a5 Nhf6 17. Na4 e5 18. Nd2 Ra7 19. Nb6 Bb7 20. Nb3
e4 21. Be2 Nf8 22. Nc1 N6h7 23. Na2 Qg5 24. Nb4 Nf6 25. Qa4 Re6 26. Rfb1
Ng4 27. Bxg4 Qxg4 28. Ra2 Rg6 29. g3 Rg5 30. Qd1 Ng6 31. Qxg4 Rxg4 32. h3
Rg5 33. Kh2 Rf5 34. Rab2 Ne7 35. Nc2 Rxf2+ 36. Kg1 Rf3 37. Kh2 Nf5 38. Re1
Nxg3 39. Kg2 Nf5 40. Re2 Nh4+ 41. Kh2 g5 42. Ne1 Rf6 43. Rf2 Re6 44. Rf1
Kg7 45. Rbf2 f5 46. Rg1 Re7 47. Rgf1 Kg6 48. Rg1 Kf6 49. Rgf1 Rc7 50. Ng2
Nf3+ 51. Kh1 Bc8 52. Ne1 Nh4 53. Ng2 Nf3 54. Ne1 1/2-1/2

[Event "Olympiad Women 2024"]
[Site "Budapest HUN"]
[Date "2024.09.18"]
[Round "7.66"]
[White "Beekhy, Aamirah"]
[Black "Sukhu, Makayla"]
[Result "0-1"]
[WhiteElo "1600"]
[BlackElo "1521"]
[TimeControl "5400/40+30:1800+30\""]
[EventDate "2024.09.11"]
[Board "4"]
[WhiteFideId "9700358"]
[BlackFideId "11401176"]
[WhiteTeam "Mauritius"]
[BlackTeam "Fiji"]

1. d4 d5 2. Bf4 Nf6 3. e3 e6 4. Nd2 Be7 5. Ngf3 Nbd7 6. Bd3 O-O 7. Ne5 c5
8. c3 b6 9. Ndf3 c4 10. Bc2 Ne4 11. h4 f6 12. Nc6 Qe8 13. Nxe7+ Qxe7 14.
Ba4 e5 15. dxe5 Qe6 16. exf6 Ndxf6 17. Ng5 Nxg5 18. hxg5 Ng4 19. Qe2 Bb7
20. O-O-O Rxf4 21. Qc2 Rf5 22. e4 Rxf2 23. Rd2 Raf8 24. exd5 Rf1+ 25. Rd1
Rxd1+ 26. Qxd1 Qe3+ 27. Qd2 Qxd2+ 28. Kxd2 Bxd5 29. Bd7 Rf2+ 30. Kc1 Ne3
31. Re1 Rf1 32. Kd2 Rxe1 33. Kxe1 Nxg2+ 34. Kf2 Nf4 35. Ke3 Ng6 36. Kd4 Ne7
37. Ke5 Kf7 38. a3 Bg2 39. Be6+ Kg6 40. Bxc4 Kxg5 41. Ke6 Nf5 42. Bd3 g6
43. b4 h5 44. c4 h4 45. b5 h3 0-1

[Event "Olympiad Women 2024"]
[Site "Budapest HUN"]
[Date "2024.09.18"]
[Round "7.67"]
[White "Bouzana, Christina"]
[Black "Ahmed, Najla"]
[Result "1/2-1/2"]
[WhiteElo "1644"]
[BlackElo "1539"]
[TimeControl "5400/40+30:1800+30\""]
[EventDate "2024.09.11"]
[Board "1"]
[WhiteFideId "5905508"]
[BlackFideId "11205270"]
[WhiteTeam "Cyprus"]
[BlackTeam "Bahrain"]

1. d4 d5 2. c4 e6 3. Nc3 Nf6 4. cxd5 exd5 5. Bg5 Be7 6. e3 O-O 7. Bd3 Re8
8. Qc2 h6 9. Bh4 c6 10. h3 Nh5 11. Bxe7 Qxe7 12. Nf3 Nf4 13. O-O Nxd3 14.
Qxd3 Qf6 15. Ne5 Nd7 16. Nxd7 Bxd7 17. Ne2 Qg5 18. Nf4 Re7 19. b4 Bf5 20.
Qb3 Rae8 21. Rac1 Qh4 22. Kh2 Qf6 23. g3 h5 24. b5 g5 25. Nxh5 Qd6 26. bxc6
bxc6 27. Qa4 Re6 28. Kg2 Be4+ 29. Kg1 Rh6 30. g4 Qd7 31. Ng3 Bf3 32. Rfe1
Rc8 33. Qc2 Rxh3 34. Qf5 Qxf5 35. gxf5 f6 36. Rb1 Rc7 37. Rb8+ Kf7 38. Reb1
Ke7 39. R1b7 Rxb7 40. Rxb7+ Kd6 41. Rxa7 Rh8 42. a4 Rb8 43. a5 Rb1+ 44. Kh2
Rb2 45. Kg1 Rb1+ 46. Kh2 Rb2 47. Kg1 1/2-1/2

[Event "Olympiad Women 2024"]
[Site "Budapest HUN"]
[Date "2024.09.18"]
[Round "7.67"]
[White "Almusawi, Maram"]
[Black "Sokolova, Larisa"]
[Result "0-1"]
[WhiteElo "1510"]
[BlackElo "1705"]
[TimeControl "5400/40+30:1800+30\""]
[EventDate "2024.09.11"]
[Board "2"]
[WhiteFideId "11205458"]
[BlackFideId "5904919"]
[WhiteTeam "Bahrain"]
[BlackTeam "Cyprus"]

1. d4 d5 2. c4 c6 3. Nc3 Nf6 4. Bg5 e6 5. e3 Be7 6. Bd3 dxc4 7. Bxc4 Nd5 8.
Bxe7 Qxe7 9. Qc2 Nd7 10. Nf3 O-O 11. O-O Nxc3 12. bxc3 e5 13. Rfe1 e4 14.
Nd2 Nf6 15. f3 Bf5 16. fxe4 Bxe4 17. Bd3 Rae8 18. Bxe4 Nxe4 19. Nf3 f6 20.
c4 b6 21. Rab1 Qe6 22. Qd3 Rd8 23. Rbc1 Rfe8 24. Qa3 Rd7 25. Qb4 Qg4 26.
Rc2 Ng5 27. Nxg5 Qxg5 28. Rce2 Re4 29. Qa4 Rde7 30. Qb3 Kh8 31. Qd3 h5 32.
d5 cxd5 33. Qxd5 R4e5 34. Qd8+ Re8 35. Qd3 f5 36. Qd2 Qe7 37. Qd3 Qc5 38.
h3 Re4 39. Kh1 Qxc4 40. Qd7 Qc5 41. Qd3 b5 42. Qb3 f4 43. Qd3 fxe3 44. Qd7
a5 45. Qf7 b4 46. Qf3 a4 47. Rb1 Qe5 48. Qf1 Rf4 49. Qd1 Rf2 50. Kg1 Qg3
51. Rxf2 Qxf2+ 0-1

[Event "Olympiad Women 2024"]
[Site "Budapest HUN"]
[Date "2024.09.18"]
[Round "7.67"]
[White "Pica, Eleni"]
[Black "Sharaf, Hawra"]
[Result "1-0"]
[WhiteElo "1609"]
[BlackElo "1595"]
[TimeControl "5400/40+30:1800+30\""]
[EventDate "2024.09.11"]
[Board "3"]
[WhiteFideId "5910005"]
[BlackFideId "11205679"]
[WhiteTeam "Cyprus"]
[BlackTeam "Bahrain"]

1. d4 d5 2. c4 c6 3. Nc3 Nf6 4. Nf3 dxc4 5. a4 Bf5 6. Ne5 Nbd7 7. Nxc4 Nb6
8. Nxb6 axb6 9. Bg5 e6 10. e4 Bg6 11. e5 Ra5 12. Bh4 Bb4 13. exf6 gxf6 14.
Bc4 b5 15. Bb3 bxa4 16. Rxa4 Bh5 17. f3 Rg8 18. Rxb4 Rxg2 19. Bf2 Qd6 20.
Rxb7 Rag5 21. Qa1 Kf8 22. Qa8+ Kg7 23. Ne4 Qf4 24. Nxg5 Qc1+ 25. Bd1 fxg5
26. Qa3 Bg6 27. Qc3 Qf4 28. d5+ Kh6 29. dxc6 1-0

[Event "Olympiad Women 2024"]
[Site "Budapest HUN"]
[Date "2024.09.18"]
[Round "7.67"]
[White "Yaqoob, Wafa"]
[Black "Sokolova, Victoria"]
[Result "1/2-1/2"]
[WhiteElo "1438"]
[BlackElo "1682"]
[TimeControl "5400/40+30:1800+30\""]
[EventDate "2024.09.11"]
[Board "4"]
[WhiteFideId "11205857"]
[BlackFideId "5905460"]
[WhiteTeam "Bahrain"]
[BlackTeam "Cyprus"]

1. e4 d6 2. d4 g6 3. Nc3 Bg7 4. Be3 Nc6 5. Qd2 e5 6. Nge2 exd4 7. Nxd4 Nxd4
8. Bxd4 Nf6 9. Bd3 O-O 10. O-O-O Be6 11. f3 Nd7 12. Bxg7 Kxg7 13. g4 Ne5
14. Be2 a6 15. h4 Rh8 16. Rdg1 b5 17. f4 Nc4 18. Qd4+ Qf6 19. Qxf6+ Kxf6
20. Nd5+ Bxd5 21. exd5 Nb6 22. Bf3 Rae8 23. Re1 Kg7 24. Kd2 h6 25. b3 f6
26. Re6 Kf7 27. Rhe1 Nd7 28. Rxe8 Rxe8 29. Rxe8 Kxe8 30. Kc3 g5 31. fxg5
fxg5 32. h5 Ne5 33. Be2 c5 34. dxc6 Nxc6 35. a4 b4+ 1/2-1/2

[Event "Olympiad Women 2024"]
[Site "Budapest HUN"]
[Date "2024.09.18"]
[Round "7.68"]
[White "Benson, Maud"]
[Black "Marcos, Taqesyah"]
[Result "1/2-1/2"]
[WhiteElo "1682"]
[BlackElo "1679"]
[TimeControl "5400/40+30:1800+30\""]
[EventDate "2024.09.11"]
[Board "2"]
[WhiteFideId "12600857"]
[BlackFideId "7500610"]
[WhiteTeam "Ghana"]
[BlackTeam "Netherlands Antilles"]

1. d4 d5 2. c4 e6 3. g3 b6 4. Bg2 Bb7 5. Nf3 Nf6 6. O-O Be7 7. b3 Nbd7 8.
Bb2 O-O 9. Qc2 c5 10. Nbd2 Rc8 11. Qb1 Re8 12. Ne5 Qc7 13. cxd5 exd5 14.
Qf5 Bd6 15. Nxd7 Qxd7 16. Qd3 cxd4 17. Bxd4 Be5 18. Nf3 Bxd4 19. Nxd4 Ne4
20. Rac1 a6 21. e3 h6 22. Rfd1 Qe7 23. Bh3 Rc5 24. Rc2 g6 25. Rdc1 Qf6 26.
Qf1 Ng5 27. Bg2 Rec8 28. Qd1 Ne6 29. Nxe6 Qxe6 30. Qd3 Rxc2 31. Rxc2 Rxc2
32. Qxc2 Qd7 33. Qc3 Qc6 34. Qb2 Bc8 35. Kf1 Be6 36. Ke1 Qc5 37. b4 Qc4 38.
Kd2 b5 39. a3 Bf5 40. f3 Qd3+ 41. Ke1 Qxe3+ 42. Qe2 Qxa3 43. Qd2 Qa1+ 44.
Kf2 d4 45. f4 d3 46. h3 Qd4+ 47. Kf1 Qc4 48. Kf2 Qc2 49. Ke3 Kf8 50. g4 Bc8
51. Qxc2 dxc2 52. Kd2 1/2-1/2

[Event "Olympiad Women 2024"]
[Site "Budapest HUN"]
[Date "2024.09.18"]
[Round "7.68"]
[White "Pourier, Dianthely"]
[Black "Felix, Tobi"]
[Result "0-1"]
[WhiteElo "1548"]
[BlackElo "1677"]
[TimeControl "5400/40+30:1800+30\""]
[EventDate "2024.09.11"]
[Board "3"]
[WhiteFideId "7501641"]
[BlackFideId "12600989"]
[WhiteTeam "Netherlands Antilles"]
[BlackTeam "Ghana"]

1. d4 d5 2. Nf3 Nf6 3. c3 c6 4. Bf4 Bf5 5. e3 e6 6. Qb3 Qb6 7. Nbd2 Nbd7 8.
Be2 Be7 9. Rc1 Nh5 10. Bg3 Nxg3 11. hxg3 h6 12. O-O O-O 13. Ne1 c5 14. dxc5
Nxc5 15. Qxb6 axb6 16. a3 Na4 17. Bd3 Nxb2 18. Bxf5 exf5 19. Nc2 Rfc8 20.
Rb1 Na4 21. Rb3 Rxc3 22. Rxc3 Nxc3 23. Nd4 Rxa3 24. Nb1 Nxb1 25. Rxb1 Bc5
26. Nxf5 Ra5 27. Rd1 Bb4 28. Nd4 Rc5 29. Nf5 Ra5 30. Rd4 Ba3 31. Kh2 Bf8
32. Rd3 Rc5 33. Nd4 Kh7 34. f3 Ra5 35. e4 dxe4 36. fxe4 Re5 37. Nf3 Rxe4
38. Rd7 Re7 39. Rd6 Re6 40. Rd7 f6 41. Rxb7 Bc5 42. Nh4 Re5 43. g4 Re7 44.
Rb8 Bd6+ 45. g3 Bxb8 46. Nf5 Re2+ 47. Kh3 b5 48. Nd4 Rb2 49. Nc6 Rb1 50.
Nxb8 Rh1+ 51. Kg2 Rd1 52. Nc6 Rb1 53. Kh3 b4 54. Na5 Kg6 55. Kg2 Kg5 56.
Kf3 b3 57. Nc4 Rc1 58. Nd2 b2 59. Ne4+ Kg6 60. Nd2 b1=Q 61. Nxb1 Rxb1 62.
Kg2 Kg5 63. Kh3 Rb4 64. Kg2 Kxg4 65. Kf2 Rb3 66. Kg2 Rxg3+ 67. Kf2 Ra3 68.
Kg2 Ra2+ 69. Kh1 Kg3 70. Kg1 Ra1# 0-1

[Event "Olympiad Women 2024"]
[Site "Budapest HUN"]
[Date "2024.09.18"]
[Round "7.68"]
[White "Hephzibah, Awura-Ama Manubea Tandoh"]
[Black "Pieter, Liana"]
[Result "1/2-1/2"]
[WhiteElo "1516"]
[BlackElo "1619"]
[TimeControl "5400/40+30:1800+30\""]
[EventDate "2024.09.11"]
[Board "4"]
[WhiteFideId "12602612"]
[BlackFideId "7502192"]
[WhiteTeam "Ghana"]
[BlackTeam "Netherlands Antilles"]

1. d4 d5 2. e3 e6 3. Nf3 Nf6 4. Be2 Bd6 5. O-O b6 6. b3 Bb7 7. Bb2 O-O 8.
Nbd2 Ne4 9. Nxe4 dxe4 10. Nd2 Nd7 11. c4 c5 12. Qc2 Nf6 13. dxc5 Bxc5 14.
Bxf6 Qxf6 15. Nxe4 Qg6 16. Bd3 f5 17. Ng3 h5 18. f3 Bxe3+ 19. Kh1 h4 20.
Ne2 e5 21. Nc3 Bd4 22. Rae1 Rae8 23. Nd5 Bxd5 24. cxd5 Rc8 25. Qb1 Qf6 26.
Bc4 Kh8 27. Rd1 Rc5 28. Qd3 Rfc8 29. f4 g6 30. fxe5 Bxe5 31. Qe2 Qd6 32. h3
Kh7 33. Rfe1 Re8 34. b4 Rc7 35. a3 Rce7 36. Qc2 Bg3 37. Rxe7+ Qxe7 38. Qc3
Qd6 39. Bb5 Re7 40. Qc6 Qe5 41. Qc1 Bf4 42. Qb1 Qf6 43. Qc2 Qe5 44. Bf1 Qe3
45. Rd3 Qe1 46. Qd1 Qxd1 47. Rxd1 Rd7 48. Bb5 Rd8 49. Bc4 Rc8 50. Rd4 Be5
51. Rxh4+ Kg7 52. Bf1 Rd8 53. Bc4 g5 54. Rh5 Kg6 55. g4 Rc8 56. Bd3 Rf8 57.
h4 gxh4 58. Bxf5+ Kf6 59. Rxh4 Rf7 60. Rh3 Rc7 61. Rh6+ Kg5 62. Rc6 Rxc6
63. dxc6 a5 64. bxa5 bxa5 65. a4 Kf6 66. Kg2 Ke7 67. g5 Kd6 68. Be4 Kc7 69.
Kf3 Kd6 70. g6 Ke6 71. Ke3 Kd6 72. Kd3 Bg7 73. Kc4 Kc7 74. Kb5 Bc3 75. g7
Bxg7 76. Kxa5 Bc3+ 77. Kb5 Bd4 78. a5 Ba7 1/2-1/2

[Event "Olympiad Women 2024"]
[Site "Budapest HUN"]
[Date "2024.09.18"]
[Round "7.69"]
[White "Magno, Angelica"]
[Black "Mahi, R. Shah"]
[Result "0-1"]
[WhiteElo "1544"]
[BlackElo "1602"]
[TimeControl "5400/40+30:1800+30\""]
[EventDate "2024.09.11"]
[Board "1"]
[WhiteFideId "16601505"]
[BlackFideId "21601283"]
[WhiteTeam "Palau"]
[BlackTeam "Tanzania"]

1. d4 Nf6 2. Nf3 e6 3. c4 d5 4. Nc3 Be7 5. Bf4 O-O 6. e3 b6 7. Be2 Ba6 8.
O-O dxc4 9. Ne5 b5 10. Bf3 Nd5 11. Bg3 Nxc3 12. bxc3 c6 13. Re1 Bd6 14. a4
b4 15. Bxc6 Nxc6 16. Nxc6 Qd7 17. Bxd6 Qxd6 18. Nxb4 Bb7 19. Rb1 Rab8 20.
Qe2 a5 21. Nc2 Qc6 22. e4 Ba6 23. Qg4 Qxa4 24. Ne3 Rb3 25. d5 exd5 26. Nxd5
Bb7 27. Nf6+ Kh8 28. Nh5 Rg8 29. e5 Rxb1 30. Rxb1 Qc2 31. Rd1 Qxc3 32. Qd7
Qxe5 33. Ng3 Bc8 34. Qd8 g6 35. Qd2 c3 36. Qc1 Be6 37. Re1 Qd4 38. Ne2 Qd2
39. Nxc3 Qxc1 40. Rxc1 Rc8 41. Ne2 Rxc1+ 42. Nxc1 a4 43. Kf1 a3 44. Ke1 a2
45. Nxa2 Bxa2 46. f4 h5 47. Kf2 Kg7 48. g3 Kf6 49. Kf3 Kf5 50. h3 Bd5+ 51.
Ke3 Bg2 52. h4 Kg4 53. Kf2 Bc6 54. Kg1 Kxg3 55. f5 gxf5 56. Kf1 f4 57. Kg1
f3 58. Kf1 f2 59. Ke2 Bb5+ 0-1

[Event "Olympiad Women 2024"]
[Site "Budapest HUN"]
[Date "2024.09.18"]
[Round "7.69"]
[White "Anahi, Rishit Shah"]
[Black "Gemota, Joan"]
[Result "1-0"]
[WhiteElo "1513"]
[BlackElo "1567"]
[TimeControl "5400/40+30:1800+30\""]
[EventDate "2024.09.11"]
[Board "2"]
[WhiteFideId "21601682"]
[BlackFideId "16601289"]
[WhiteTeam "Tanzania"]
[BlackTeam "Palau"]

1. e4 e6 2. d4 b6 3. Nf3 Bb7 4. Bd3 g6 5. Nc3 Bg7 6. O-O Nf6 7. Bg5 O-O 8.
e5 Nc6 9. Bxf6 Bxf6 10. exf6 Qxf6 11. d5 Nd4 12. Nxd4 Qxd4 13. Be4 Qxd1 14.
Raxd1 e5 15. d6 c6 16. Rfe1 Rae8 17. b4 f5 18. Bd3 Kg7 19. f3 a6 20. a4 c5
21. bxc5 bxc5 22. Rb1 Rb8 23. Rxe5 Rf6 24. Re7+ Kh6 25. Rxd7 Bc6 26. Rxh7+
Kxh7 27. Rxb8 Rxd6 28. Rb6 Re6 29. Bc4 Re1+ 30. Kf2 Rc1 31. Rxc6 Rxc2+ 32.
Kg3 Rxc3 33. Rxc5 Kh6 34. Rc6 Kh5 35. h3 a5 36. h4 Rc2 37. Rc8 Kh6 38. h5
Kxh5 39. Rh8+ Kg5 40. Bb5 Rc3 41. Ra8 f4+ 42. Kh2 Rc2 43. Rxa5 Kh4 44. Be8
g5 45. Rb5 Re2 46. Bd7 Rd2 47. Bf5 Kh5 48. a5 Rd8 49. a6 Kh6 50. a7 Ra8 51.
Ra5 Kg7 52. Be4 Rxa7 53. Rxa7+ Kf6 54. Ra5 1-0

[Event "Olympiad Women 2024"]
[Site "Budapest HUN"]
[Date "2024.09.18"]
[Round "7.69"]
[White "Sisior, Dilyolt Kyarii Parrado"]
[Black "Samson, Bertha"]
[Result "1-0"]
[WhiteElo "1488"]
[BlackElo "1459"]
[TimeControl "5400/40+30:1800+30\""]
[EventDate "2024.09.11"]
[Board "3"]
[WhiteFideId "16600720"]
[BlackFideId "21600686"]
[WhiteTeam "Palau"]
[BlackTeam "Tanzania"]

1. e4 e5 2. Nf3 Nc6 3. Bc4 Be7 4. c3 Nf6 5. d3 h6 6. Bb3 O-O 7. Nbd2 d6 8.
Nf1 Bg4 9. h3 Bh5 10. Ng3 Bg6 11. Nh4 Bh7 12. Qf3 Ne8 13. Ngf5 Bxf5 14.
Nxf5 Na5 15. Bxh6 Nxb3 16. Qg4 Bf6 17. axb3 Kh8 18. Be3 g6 19. Nh6 Bg7 20.
Bg5 f6 21. Be3 g5 22. Nf5 a6 23. h4 Kg8 24. hxg5 fxg5 25. Bxg5 Nf6 26. Nh6+
Kh7 27. Qf5+ Kh8 28. Nf7+ Kg8 29. Nxd8 Raxd8 30. Bxf6 Rxf6 31. Qh7+ Kf8 32.
Ra5 Kf7 33. Qh5+ Ke7 34. Qg5 Kd7 35. Qxg7+ Ke6 36. d4 Rf7 37. Rh6+ Ke7 38.
Qg5+ Ke8 39. Rh8+ Rf8 40. Rxf8+ Kxf8 41. Qxd8+ 1-0

[Event "Olympiad Women 2024"]
[Site "Budapest HUN"]
[Date "2024.09.18"]
[Round "7.70"]
[White "Swaminathan, Laia"]
[Black "Georgina, Sackie"]
[Result "0-1"]
[WhiteElo "1620"]
[BlackElo "1688"]
[TimeControl "5400/40+30:1800+30\""]
[EventDate "2024.09.11"]
[Board "1"]
[WhiteFideId "33100063"]
[BlackFideId "22601708"]
[WhiteTeam "Cayman Islands"]
[BlackTeam "Liberia"]

1. d4 d5 2. c4 c6 3. Nc3 Nf6 4. Nf3 a6 5. Bf4 dxc4 6. a4 Nd5 7. Bg3 Qa5 8.
Qd2 e6 9. e4 Nxc3 10. bxc3 b5 11. Be2 Be7 12. O-O Qd8 13. Rfb1 Nd7 14. Ne5
Nxe5 15. Bxe5 f6 16. Bg3 Qd7 17. Qb2 O-O 18. Bf3 Bb7 19. Rd1 f5 20. exf5
exf5 21. Be5 Bf6 22. Bxf6 Rxf6 23. axb5 cxb5 24. Bxb7 Qxb7 25. f3 Re8 26.
Re1 Rfe6 27. Qd2 Qe7 28. Rxe6 Qxe6 29. Kf2 h6 30. Kg3 Kh7 31. Qf4 g5 32.
Qc7+ Re7 33. Qa5 f4+ 34. Kf2 Qe3+ 35. Kf1 Re6 36. d5 Qd3+ 37. Kg1 Qxd5 38.
Qc7+ Kg6 39. Qc8 Qe5 40. h3 Kh5 41. Rxa6 Qe1+ 0-1

[Event "Olympiad Women 2024"]
[Site "Budapest HUN"]
[Date "2024.09.18"]
[Round "7.70"]
[White "Patil, Anvita Niranjan"]
[Black "Abigail, Karyah"]
[Result "0-1"]
[WhiteElo "1589"]
[BlackElo "1790"]
[TimeControl "5400/40+30:1800+30\""]
[EventDate "2024.09.11"]
[Board "3"]
[WhiteFideId "33100446"]
[BlackFideId "22601147"]
[WhiteTeam "Cayman Islands"]
[BlackTeam "Liberia"]

1. e4 c6 2. Nf3 d5 3. exd5 cxd5 4. d4 Nf6 5. Bd3 Nc6 6. O-O Bg4 7. c3 e6 8.
Bg5 Be7 9. Nbd2 O-O 10. Qa4 Qc7 11. Ne5 Bh5 12. Rfe1 Rab8 13. Bf4 Bd6 14.
Bg3 Nd7 15. Nxd7 Qxd7 16. Qc2 Bg6 17. Re3 Bxd3 18. Qxd3 Ne7 19. Nf3 b5 20.
Ng5 g6 21. Bxd6 Qxd6 22. Rh3 h5 23. Rxh5 Nf5 24. Rh7 Qf4 25. h4 Nxh4 26.
Qh3 Qxg5 27. Rxh4 Kg7 28. Qh2 Rh8 29. Rxh8 Rxh8 30. Qe5+ Qxe5 31. dxe5 Rh4
32. g3 Re4 33. f4 Re2 34. a4 bxa4 35. Rxa4 Rxb2 36. Rxa7 Rc2 37. Ra3 g5 38.
Kf1 gxf4 39. gxf4 Kg6 40. Ke1 Kf5 41. Kd1 Rf2 42. Ra4 Rxf4 43. Rxf4+ Kxf4
44. Kd2 Kxe5 45. Ke3 f5 46. Kf3 f4 47. Ke2 Ke4 48. Kf2 Kd3 49. Kf3 e5 50.
Kf2 Kxc3 51. Ke2 Kc2 52. Ke1 d4 53. Ke2 d3+ 54. Kf3 d2 55. Kf2 d1=Q 56. Kg2
e4 57. Kf2 e3+ 58. Kg2 e2 59. Kf3 e1=Q+ 60. Kxf4 Qd4+ 61. Kf5 Qee5+ 62. Kg6
Qdd6+ 63. Kf7 Qee7+ 64. Kg8 Qdd8# 0-1

[Event "Olympiad Women 2024"]
[Site "Budapest HUN"]
[Date "2024.09.18"]
[Round "7.71"]
[White "Magne, Kouokam Sylviane"]
[Black "Jacobs, Annelaine"]
[Result "0-1"]
[WhiteElo "1587"]
[BlackElo "1763"]
[TimeControl "5400/40+30:1800+30\""]
[EventDate "2024.09.11"]
[Board "1"]
[WhiteFideId "16400402"]
[BlackFideId "15900177"]
[WhiteTeam "Cameroon"]
[BlackTeam "Aruba"]

1. d4 Nf6 2. c4 g6 3. Nc3 Bg7 4. Nf3 d6 5. e4 O-O 6. Be2 Nbd7 7. O-O c6 8.
Qb3 Qc7 9. Bf4 Nh5 10. Bg5 e5 11. dxe5 dxe5 12. Rad1 Re8 13. Qa3 Bf8 14. b4
Nhf6 15. c5 h6 16. Bh4 Kg7 17. Bc4 b5 18. cxb6 Nxb6 19. Qa5 Qe7 20. Qc5
Qxc5 21. bxc5 Nxc4 22. Bg3 Bxc5 23. Na4 Bb6 24. Rc1 Na5 25. Bxe5 Bg4 26.
Bxf6+ Kxf6 27. Nd2 Be6 28. Nb3 Nxb3 29. axb3 Bxb3 30. Nxb6 axb6 31. Rxc6+
Re6 32. Rc3 Ba4 33. f3 b5 34. Rfc1 Rd8 35. Kf2 Rd2+ 36. Kg3 Rd1 37. Rxd1
Bxd1 38. Rc5 b4 39. Rb5 b3 40. Kf2 Bc2 41. Ke3 h5 42. Kf4 Kg7 43. e5 Re7
44. h4 Ra7 45. Ke3 Ra2 46. Kd2 Bf5+ 47. Kc3 Be6 48. Rb4 Rc2+ 49. Kd4 Rxg2
50. f4 Rg4 51. Kc3 Rxh4 52. f5 Rxb4 53. Kxb4 b2 0-1